[Majetok obcí]

Recenzia na monografiu: Papcunová, V. - Balážová, E.:Majetok obcí. Recenzovaná monografia je členená na tri časti: teoreticko-legislatívnu, ekonomicko-metodologickú a modelový prístup k využitiu nehnuteľného majetku. Monografia má použitie aj ako doplňujúca učebná literatúra na univerzitách, pre odb...

Ausführliche Beschreibung

Gespeichert in:
Bibliographische Detailangaben
1. Verfasser: Žárska, Elena, 1955-
Format: Buchkapitel
Sprache:Slowakisch
Schlagworte:
Tags: Tag hinzufügen
Keine Tags, Fügen Sie das erste Tag hinzu!

MARC

LEADER 00000naa$a2200000$$$4500
001 0054306
005 20231012074906.9
041 0 |a slo 
044 |a SK 
245 1 0 |a [Majetok obcí]  |c Elena Žárska 
520 |a Recenzia na monografiu: Papcunová, V. - Balážová, E.:Majetok obcí. Recenzovaná monografia je členená na tri časti: teoreticko-legislatívnu, ekonomicko-metodologickú a modelový prístup k využitiu nehnuteľného majetku. Monografia má použitie aj ako doplňujúca učebná literatúra na univerzitách, pre odbornú verejnosť a v činnosti orgánov samospráv obcí, kde pri uplatnení viacerých poznatkov a postupov je možné očakávať aj priame efekty pri narábaní s majetkom obcí. 
610 2 0 |a recenzie 
610 2 0 |a samospráva 
610 2 0 |a majetok 
610 2 0 |a obce 
610 2 0 |a sektor verejný 
610 2 0 |a služby verejné 
100 1 |a Žárska, Elena, 1955-